Graf Goetzen, der Verteidiger von Glatz
| Titel: | Graf Goetzen, der Verteidiger von Glatz : ein Dokument grafschafter Treue in Jahren deutscher Not (1806 - 1807) / Heinrich Bartsch |
|---|---|
| Verfasser: | |
| Veröffentlicht: |
Leimen-Heidelberg : Verl. f. Heimatl. Schrifttum, 1956 Lödenscheid : Grafschafter Bote in Komm., 1956 |
| Umfang: | 80 S. |
| Format: | Buch |
| Sprache: | Deutsch |
| Schriftenreihe/ mehrbändiges Werk: |
Grafschaft Glatzer Buchring ; 11 |
X
| Lokale Klassifikation: | 2 G 21 |
|---|
alg: 10882579 001A $03004:07-01-03 001B $01999:20-11-16 $t23:35:45.000 001C $03004:21-05-12 $t12:43:04.000 001D $03004:07-01-03 001U $0utf8 001X $00 002@ $0Aau 003@ $0108825795 003O $0614944531 $aOCoLC 007A $0108825795 $aHEB 007T $0Herdhh108825795 010@ $ager 011@ $a1956 013H $0z 021A $aGraf Goetzen, der Verteidiger von Glatz $dein Dokument grafschafter Treue in Jahren deutscher Not (1806 - 1807) $hHeinrich Bartsch 028A $#Bartsch, Henricus $7 $8Bartsch, Heinrich [Tnd] $913681543X 033A $pLeimen-Heidelberg $nVerl. f. Heimatl. Schrifttum 033A $pLödenscheid $nGrafschafter Bote in Komm. 034D $a80 S. 036E $aGrafschaft Glatzer Buchring $l11 036F $x211 $8Grafschaft Glatzer Buchring $9049477749 $l11 lok: 10882579 24 101B $006-12-03 $t23:41:48.000 101C $007-01-03 145Z/01 $a2 G 21 101U $0utf8 exp: 10882579 24 1 #EPN 201B/01 $021-05-12 $t12:43:04.000 201C/01 $007-01-03 201U/01 $0utf8 203@/01 $0179163337 208@/01 $a07-01-03 $br 209A/01 $a2 G 22 $du $f050 $h2 G 22 $x00 209C/01 $a1559 K 56 $h56 1559 K 209G/01 $a70563002 $x00 244Z/01 $#Goetzen, Friedrich Wilhelm von $#Götzen, Friedrich W. von $7118717952 $8--Tp1--Götzen, Friedrich Wilhelm$cvon$Z1767-1820 $x01 $908705874X 247C/01 $8358050-7Marburg, Bibliothek des Herder-Instituts Marburg $9102600961 lok: 10882579 78 exp: 10882579 78 1 #EPN 201B/01 $019-04-17 $t19:07:57.000 201U/01 $0utf8 203@/01 $0793423791 208@/01 $a12-11-16 $be 209A/01 $a/ $f000 $x00 237A/01 $aweiterführende Signatur(en): Herder-Institut: 2 G 22 244Z/01 $aGeschichte 1806-1807 $x01 244Z/01 $2Trx $8--Trx--Monographie $x02 $9391384546 247C/01 $82080>Marburg/Lahn, Herder-Institut, Forschungsbibliothek, Bibliographieportal $9336309341
| LEADER | 00000cam a2200000 c 4500 | ||
|---|---|---|---|
| 001 | 108825795 | ||
| 003 | DE-603 | ||
| 005 | 20161120233545.0 | ||
| 007 | tu | ||
| 008 | 030107s1956 xx |||| | u00||u|ger c | ||
| 035 | |a (DE-599)HEB108825795 | ||
| 035 | |a (OCoLC)614944531 | ||
| 040 | |a DE-603 |b ger |c DE-603 |d DE-603 | ||
| 041 | |a ger | ||
| 100 | 1 | |a Bartsch, Heinrich |0 (DE-603)13681543X | |
| 245 | 0 | 0 | |a Graf Goetzen, der Verteidiger von Glatz |b ein Dokument grafschafter Treue in Jahren deutscher Not (1806 - 1807) |c Heinrich Bartsch |
| 264 | 1 | |a Leimen-Heidelberg |b Verl. f. Heimatl. Schrifttum |c 1956 | |
| 264 | 1 | |a Lödenscheid |b Grafschafter Bote in Komm. |c 1956 | |
| 300 | |a 80 S. | ||
| 490 | 1 | |a Grafschaft Glatzer Buchring |v 11 | |
| 810 | 2 | 2 | |a Grafschaft Glatzer Buchring |t Grafschaft Glatzer Buchring |v 11 |w (DE-603)049477749 |w (DE-600)1336800-X |9 211 |7 as |
| 924 | 0 | |9 Mb 50 |a (DE-603)179163337 |b DE-Mb50 |c HES |d c |g 2 G 22 | |
| 924 | 0 | |9 2080 |a (DE-603)793423791 |b DE-2080 |c HES |d d |g / | |


